000 02218nam0a2200349 4500
001 RU\NLR\BIBL_A\022624365
005 20251126181919.0
010 _a978-5-9967-3403-0
_9165
021 _aRU
_bКН-П-25-045445
_9КН-П-25-4413
035 _a(NLR Aleph) 022624365
090 _a13469932
_c13469932
100 _a20250918d2025 k y0rusy50 ca
101 0 _arus
102 _aRU
105 _aac z 010yy
181 0 _ai3
_baxxe
182 0 _an
200 1 _aМоё призвание
_eсборник исследовательских и творческих работ студентов [обучающихся Магнитогорского педагогического колледжа - участников Парада победителей - 2025]
_fМинистерство образования и науки Челябинской области, Государственное бюджетное профессиональное образовательное учреждение "Магнитогорский педагогический колледж"
_gответственный редактор: Леушканова Ольга Юрьевна, кандидат педагогических наук
203 _aТекст
_bвизуальный
_cнепосредственный
210 _aМагнитогорск
_cИзд-во Магнитогорского педагогического колледжа
_d2025
215 _a289 с.
_cил., цв. ил., портр.
_d21
300 _aНа обл.: Победа! 80
320 _aБиблиогр. в конце ст.
601 0 2 _aМагнитогорский педагогический колледж
_jСборники
_xТворческие работы учащихся
_92686928
_3RU\NLR\AUTH\6601762984
686 1 _aЧ479.511.385.35я43
702 1 _aЛеушканова
_bО. Ю.
_gОльга Юрьевна
_4340
712 0 2 _4475
_aМагнитогорский педагогический колледж
_9764308
_3RU\NLR\AUTH\8810134115
942 _cBOOK
980 _aNB